Abriendo mundos: lecturas y actividades para desarrollar valores, pensamientos y afectividad. A partir de 3er año básico

Guardado en:
Detalles Bibliográficos
Autores principales: Alliende González, Felipe (Autor), Condemarín Grimberg, Mabel (Autor)
Formato: Libro
Lenguaje:español
Publicado: Santiago Universitaria 2000
Edición:1a. ed
Materias:
Etiquetas: Agregar Etiqueta
Sin Etiquetas, Sea el primero en etiquetar este registro!

MARC

LEADER 00000nam a2200000 a 4500
001 UCJ9680
003 CL-VaPUC
008 070330e20000000CL |||||||||||||||||spa|d
020 |a 9561115387 
082 0 4 |a 372.41  |b ALL  |2 21 
100 0 |a Alliende González, Felipe  |e author  |9 519688 
700 0 |a Condemarín Grimberg, Mabel  |e author  |9 519689 
245 1 0 |a Abriendo mundos: lecturas y actividades para desarrollar valores, pensamientos y afectividad. A partir de 3er año básico 
250 |a 1a. ed 
300 |a 101 p 
942 |c BK 
945 |d 20070330 00:00:00  |a cmena 
260 |a Santiago  |b Universitaria  |c 2000 
650 0 |a Educación básica   |9 224933 
650 0 |a Comprensión de lectura  |9 307588 
650 0 |a Literatura infantil   |9 307465 
650 0 |a Educación moral  |9 308319 
650 0 |a Desarrollo afectivo  |9 334359 
650 0 |a Cuentos infantiles  |9 308044 
583 |a last modification  |c 20070330 00:00:00  |k Rodrigo Vera 
999 |c 325099  |d 325097 
952 |0 0  |1 0  |4 0  |6 372_410000000000000_ALL_2000  |7 0  |8 A  |9 405682  |a BIBEDU  |b BIBEDU  |d 2019-11-22  |i 432806K  |o 372.41 ALL 2000  |p 432806K  |r 2019-11-22  |w 2019-11-22  |y BK  |k EBA